| 000 | 00491nam a22001697a 4500 | ||
|---|---|---|---|
| 003 | BD-ChCU | ||
| 005 | 20251127130704.0 | ||
| 008 | 251127b bg ||||| |||| 00| 0 ben d | ||
| 040 | _cBD-ChCU | ||
| 082 | _a331.12 SQE | ||
| 100 |
_aSquire, Lyn. _917078 |
||
| 245 |
_aEmployment policy in developing countries : _ba survey of issues and evidence. _cLyn Squire. |
||
| 260 |
_aOxford. _bO. U. P. _c1981 |
||
| 300 | _axiii, 229p | ||
| 650 | 0 |
_aEmployment Policies. _917081 |
|
| 942 |
_2ddc _cBK _n0 |
||
| 999 |
_c109920 _d109920 |
||